| 000 | 01090cab a2200193 4500 | ||
|---|---|---|---|
| 001 | L130019 | ||
| 008 | 050615n2005 000 0 eng u | ||
| 035 | _a(Sirsi) u130019 | ||
| 041 | _aeng | ||
| 100 | _aValenziano, Stephen | ||
| 245 |
_aPositioned for success _bdesigning the optimal corporate real estate organisation |
||
| 260 | _c2005 | ||
| 490 |
_aJournal of Corporate Real Estate _v7(2) 2005, 129-144(16) |
||
| 520 | _aDiscusses how to go about the redesign of an organisation. Much of conventional organisational thinking in corporate real estate is inwardly focused. This paper, the first of a three-part series, suggests beginning with a more comprehensive view of the forces of change and a company's external environment. Concludes with a review of organisational structures and suggestions for ways to approach an organisational redesign of a corporate real estate department. [Taken from journal abstract]. | ||
| 590 | _aIKA210605 | ||
| 690 | _aPROPERTY-COMMERCIAL PROPERTY-CORPORATE REAL ESTATE-CORPORATE REAL ESTATE MANAGEMENT | ||
| 700 | _aKious, Lynn | ||
| 942 | _n0 | ||
| 999 |
_c75396 _d75396 |
||